[Event "38th Eastman Open 2015"]
[Site "Ghent BEL"]
[Date "2015.07.18"]
[Round "1.1"]
[White "Feller, Sebastien"]
[Black "Van Der Stricht, Jan"]
[Result "1-0"]
[WhiteTitle "GM"]
[WhiteElo "2622"]
[BlackElo "1859"]
[WhiteFideId "634654"]
[BlackFideId "209066"]
[EventDate "2015.07.18"]

1. d4 d6 2. e4 Nf6 3. Nc3 c6 4. g3 e5 5. Nge2 Be7 6. Bg2 O-O 7. O-O Qb6 8. h3
Na6 9. b3 Nc7 10. Be3 Qa5 11. Qd2 Qa3 12. f4 exd4 13. Bxd4 Bd7 14. g4 c5 15.
Bxf6 gxf6 16. e5 d5 17. Nxd5 Nxd5 18. Bxd5 Rad8 19. c4 f5 20. Ng3 Bh4 21. Nxf5
Bxf5 22. gxf5 Kh8 23. Kh1 Qa6 24. f6 Qe6 25. Qg2 1-0

[Event "38th Eastman Open 2015"]
[Site "Ghent BEL"]
[Date "2015.07.18"]
[Round "1.3"]
[White "Michiels, Bart"]
[Black "Atanasiu, Nicolae"]
[Result "1-0"]
[WhiteTitle "GM"]
[WhiteElo "2533"]
[BlackElo "1778"]
[WhiteFideId "202967"]
[BlackFideId "262420"]
[EventDate "2015.07.18"]

1. d4 d6 2. Nf3 f5 3. g3 g6 4. Bg2 Bg7 5. c4 Nf6 6. Nc3 O-O 7. O-O Nc6 8. d5 Ne5
9. Nxe5 dxe5 10. Qb3 e4 11. Rd1 Kh8 12. c5 a6 13. Qa3 h6 14. Bf4 g5 15. Be5 b6
16. Nb5 axb5 17. Qxa8 bxc5 18. Qc6 Qe8 19. Qxc7 c4 20. b3 Ba6 21. e3 Kg8 22. d6
exd6 23. Qxd6 Bc8 24. bxc4 bxc4 25. Rac1 Be6 26. Bf1 Ng4 27. Bxg7 Kxg7 28. h3
Nf6 29. Qe5 Qf7 30. Rd6 Re8 31. Qd4 Rc8 32. a4 Kg8 33. Rxe6 Qxe6 34. Bxc4 Rxc4
35. Qxc4 Nd5 36. Rd1 Nf4 37. Rd8+ Kf7 38. Qc7+ Qe7 39. Rd7 1-0

[Event "38th Eastman Open 2015"]
[Site "Ghent BEL"]
[Date "2015.07.18"]
[Round "1.4"]
[White "Vermue, Albert"]
[Black "Dgebuadze, Alexandre"]
[Result "0-1"]
[BlackTitle "GM"]
[WhiteElo "1845"]
[BlackElo "2490"]
[WhiteFideId "1026968"]
[BlackFideId "203882"]
[EventDate "2015.07.18"]

1. e4 e6 2. Nf3 d5 3. e5 Ne7 4. d4 c5 5. c3 Nbc6 6. Bd3 cxd4 7. cxd4 Nf5 8. Be3
Qb6 9. Nc3 Nxe3 10. fxe3 Be7 11. Qb1 Bd7 12. a3 Rc8 13. O-O h6 14. Nb5 O-O 15.
Nd6 Bxd6 16. exd6 f5 17. Qe1 Rf6 18. Qg3 f4 19. exf4 Nxd4 20. Nxd4 Qxd4+ 21. Kh1
Qb6 22. f5 exf5 23. Qe5 Qxd6 24. Qxd6 Rxd6 25. Bxf5 Bxf5 26. Rxf5 Rc2 0-1

[Event "38th Eastman Open 2015"]
[Site "Ghent BEL"]
[Date "2015.07.18"]
[Round "1.5"]
[White "Pap, Misa"]
[Black "Van Hille, Reinout"]
[Result "1-0"]
[WhiteTitle "GM"]
[WhiteElo "2486"]
[BlackElo "1842"]
[WhiteFideId "921610"]
[BlackFideId "222186"]
[EventDate "2015.07.18"]

1. e4 e6 2. d4 d5 3. e5 c5 4. c3 Nc6 5. Nf3 Qb6 6. Bd3 Bd7 7. dxc5 Bxc5 8. O-O
a5 9. a4 Nge7 10. Qe2 Ng6 11. h4 O-O-O 12. Na3 f6 13. Bxg6 hxg6 14. Bf4 fxe5 15.
Nxe5 Nxe5 16. Qxe5 Bxa4 17. Nc4 dxc4 18. Rxa4 Bxf2+ 19. Rxf2 Rd1+ 20. Kh2 Rxh4+
21. Kg3 Rd3+ 22. Rf3 Rxf3+ 23. gxf3 Rxf4 24. Kxf4 g5+ 25. Qxg5 e5+ 26. Qxe5 Qh6+
27. Qg5 Qh2+ 28. Ke3 1-0

[Event "38th Eastman Open 2015"]
[Site "Ghent BEL"]
[Date "2015.07.18"]
[Round "1.6"]
[White "Vander Cruyssen, Piet"]
[Black "Docx, Stefan"]
[Result "0-1"]
[BlackTitle "IM"]
[WhiteElo "1827"]
[BlackElo "2417"]
[WhiteFideId "235997"]
[BlackFideId "200778"]
[EventDate "2015.07.18"]

1. d4 Nf6 2. Nc3 d5 3. e4 Nxe4 4. Nxe4 dxe4 5. f3 e5 6. Be3 exd4 7. Bxd4 Nc6 8.
Bb5 Bd7 9. Bc3 Bc5 10. Qd5 Qe7 11. O-O-O O-O-O 12. Qxe4 Qg5+ 13. f4 Qh6 14. Bxc6
bxc6 15. Qf3 f6 16. Qg3 Bf5 17. Nf3 0-1

[Event "38th Eastman Open 2015"]
[Site "Ghent BEL"]
[Date "2015.07.18"]
[Round "1.7"]
[White "Gavrilov, Alexei1"]
[Black "De Saegher, Victor"]
[Result "1-0"]
[WhiteTitle "GM"]
[WhiteElo "2411"]
[BlackElo "1817"]
[WhiteFideId "4104358"]
[BlackFideId "214710"]
[EventDate "2015.07.18"]

1. d4 Nf6 2. Nf3 d5 3. c4 dxc4 4. e3 Bf5 5. Bxc4 e6 6. O-O Nbd7 7. Nc3 c6 8. Qe2
Nb6 9. Bb3 Be7 10. e4 Bg6 11. Bf4 O-O 12. Rad1 Bb4 13. Ne5 Bh5 14. f3 Qe7 15.
Nd3 Rfd8 16. Bg5 h6 17. Bxf6 gxf6 18. Nf4 Bg6 19. Bxe6 fxe6 20. Nxg6 Qf7 21. Nf4
Kh7 22. d5 Bc5+ 23. Kh1 cxd5 24. exd5 e5 25. Ne6 1-0

[Event "38th Eastman Open 2015"]
[Site "Ghent BEL"]
[Date "2015.07.18"]
[Round "1.8"]
[White "Van de Gevel, Ed"]
[Black "Sarrau, Jelle"]
[Result "0-1"]
[BlackTitle "FM"]
[WhiteElo "1816"]
[BlackElo "2359"]
[WhiteFideId "1022180"]
[BlackFideId "207608"]
[EventDate "2015.07.18"]

1. e4 c5 2. Nf3 d6 3. c3 Nf6 4. Bd3 Nc6 5. h3 g6 6. O-O Bg7 7. Bc2 O-O 8. d3 b5
9. a3 Bb7 10. Bg5 a5 11. Nbd2 Nd7 12. Re1 b4 13. axb4 axb4 14. Rxa8 Bxa8 15.
cxb4 Nxb4 16. Nc4 Nb8 17. Bb3 N8c6 18. Qd2 Qc7 19. Bh6 Rb8 20. Bxg7 Kxg7 21. d4
cxd4 22. Nxd4 Qa7 23. Nxc6 Nxc6 24. Qc3+ Qd4 25. Ba4 Qxc3 26. bxc3 Nd8 27. Re3
Ne6 28. Kh2 Rb1 29. Kg3 Nc5 30. Bc2 Rc1 31. Na3 Bb7 32. f3 Ba6 33. Bb1 g5 34. h4
h6 35. hxg5 hxg5 36. Kg4 Kf6 37. g3 Bc8+ 38. Kh5 Rh1# 0-1

[Event "38th Eastman Open 2015"]
[Site "Ghent BEL"]
[Date "2015.07.18"]
[Round "1.10"]
[White "Vincent, Gwijde"]
[Black "Froeyman, Helmut"]
[Result "0-1"]
[BlackTitle "FM"]
[WhiteElo "1794"]
[BlackElo "2278"]
[WhiteFideId "223751"]
[BlackFideId "203602"]
[EventDate "2015.07.18"]

1. e4 e5 2. Nf3 Nc6 3. Bc4 Bc5 4. b4 Bxb4 5. c3 Ba5 6. d4 exd4 7. Qb3 Qe7 8. O-O
Bb6 9. Ba3 d6 10. e5 Na5 11. Qd1 Nxc4 12. Qa4+ Qd7 13. Qxc4 d5 14. Qb4 c5 15.
Qb3 d3 16. c4 d4 17. Qxd3 Qf5 18. Qd1 Ne7 19. Nbd2 Bd7 20. Re1 Bc6 21. Rb1 Ng6
22. Qe2 O-O 23. Rb3 Rfe8 24. Ne4 Nf4 0-1

[Event "38th Eastman Open 2015"]
[Site "Ghent BEL"]
[Date "2015.07.18"]
[Round "1.11"]
[White "Verstraeten, Rein"]
[Black "Wagner, Hans"]
[Result "1-0"]
[WhiteTitle "FM"]
[WhiteElo "2312"]
[BlackElo "1810"]
[WhiteFideId "223654"]
[BlackFideId "223921"]
[EventDate "2015.07.18"]

1. d4 Nf6 2. c4 c5 3. Nf3 cxd4 4. Nxd4 Nc6 5. Nc3 g6 6. e4 d6 7. Be2 Bg7 8. Be3
O-O 9. O-O Bd7 10. Nb3 b6 11. f3 Rc8 12. Rc1 Ne5 13. Nd5 Nxd5 14. exd5 f5 15. f4
Ng4 16. Bxg4 fxg4 17. Bd4 Bh6 18. g3 Rf7 19. Qe2 Qf8 20. Be3 Bg7 21. Nd4 h5 22.
b3 Bf5 23. Rce1 Bf6 24. Ne6 Qh6 25. Ng5 Rff8 26. Qf2 Qh8 27. Rd1 h4 28. Bd4 hxg3
29. hxg3 Bxd4 30. Qxd4 Qxd4+ 31. Rxd4 Kg7 32. Rd2 Rh8 33. Re1 Kf6 34. Rde2 Rce8
35. Rh2 a5 36. Ree2 b5 37. cxb5 Rxh2 38. Rxh2 Bd3 39. Rh7 Rf8 40. b6 Ba6 41. Kf2
Bb7 42. Ne4+ Kf5 43. Rxe7 Bxd5 44. Nxd6+ Kf6 45. Re5 Bf3 46. b7 1-0

[Event "38th Eastman Open 2015"]
[Site "Ghent BEL"]
[Date "2015.07.18"]
[Round "1.13"]
[White "Cordts, Ingo"]
[Black "Mellegers, Maarten"]
[Result "1-0"]
[WhiteTitle "FM"]
[WhiteElo "2284"]
[BlackElo "1803"]
[WhiteFideId "4662687"]
[BlackFideId "1042920"]
[EventDate "2015.07.18"]

1. Nf3 d5 2. d4 Bg4 3. Ne5 Bf5 4. c4 c6 5. cxd5 cxd5 6. Qb3 Qc8 7. Bf4 Nf6 8.
Nc3 e6 9. Rc1 Nc6 10. Nxc6 bxc6 11. Nb5 Nh5 12. Nc7+ Kd8 13. Nxa8 Nxf4 14. e3
Ng6 15. Qa4 Qxa8 16. Rxc6 Bb4+ 17. Kd1 a5 18. a3 Be7 19. Ba6 e5 20. Qxa5+ Ke8
21. Bb5 Qxc6 22. Bxc6+ Bd7 23. Qxd5 1-0

[Event "38th Eastman Open 2015"]
[Site "Ghent BEL"]
[Date "2015.07.18"]
[Round "1.14"]
[White "Temmerman, Hans"]
[Black "Huhndorf, Arnold"]
[Result "0-1"]
[BlackTitle "FM"]
[WhiteElo "1793"]
[BlackElo "2262"]
[WhiteFideId "210471"]
[BlackFideId "4665031"]
[EventDate "2015.07.18"]

1. d4 Nf6 2. Nf3 g6 3. g3 c5 4. c3 b6 5. Bg2 Bb7 6. O-O Bg7 7. Qb3 Qc8 8. dxc5
Qxc5 9. Ng5 Bd5 10. Bxd5 Qxd5 11. c4 Qb7 12. c5 O-O 13. cxb6 axb6 14. Nc3 d6 15.
Nb5 Nbd7 16. Qf3 d5 17. Bd2 Ne4 18. Nxe4 dxe4 19. Qb3 Nc5 20. Qc2 Rfc8 21. Nc3
Na4 22. Qxe4 Qxe4 23. Nxe4 Bxb2 24. Rad1 Rc2 25. e3 Nc5 26. Nxc5 bxc5 27. Bc1
Rxa2 28. Bxb2 Raxb2 29. Rc1 Rxc1 30. Rxc1 Rb5 31. Kf1 Kf8 32. Rc2 Ke8 33. Rd2
Rb6 34. Rd5 Rc6 35. Ke2 e6 36. Rd3 Ke7 37. e4 c4 38. Rc3 Kd6 39. g4 Kc5 40. Kd2
Kd4 41. Rf3 Rc7 42. Re3 Ra7 0-1

[Event "38th Eastman Open 2015"]
[Site "Ghent BEL"]
[Date "2015.07.18"]
[Round "1.15"]
[White "Rechner, Klaus"]
[Black "Smet, Louis"]
[Result "1-0"]
[WhiteElo "2255"]
[BlackElo "1791"]
[WhiteFideId "4615700"]
[BlackFideId "234036"]
[EventDate "2015.07.18"]

1. Nf3 d5 2. d4 Nf6 3. c4 c6 4. Qc2 g6 5. Bf4 Bg7 6. e3 O-O 7. h3 dxc4 8. Bxc4
b5 9. Bd3 Bb7 10. Nbd2 Nbd7 11. e4 a6 12. O-O Rc8 13. Nb3 Qb6 14. Rac1 Rfd8 15.
Rfd1 Bf8 16. Bd2 Re8 17. Ba5 Qa7 18. e5 Nd5 19. e6 fxe6 20. Bxg6 N7f6 21. Bxe8
Rxe8 22. Nc5 Bh6 23. Bd2 Bxd2 24. Qxd2 Bc8 25. Ne5 Qc7 26. Qg5+ Kf8 27. Qh6+ Kg8
28. Rd3 1-0

[Event "38th Eastman Open 2015"]
[Site "Ghent BEL"]
[Date "2015.07.18"]
[Round "1.16"]
[White "Burnay, Gerard"]
[Black "Van Mechelen, Jan"]
[Result "1/2-1/2"]
[BlackTitle "FM"]
[WhiteElo "1768"]
[BlackElo "2243"]
[WhiteFideId "204463"]
[BlackFideId "201863"]
[EventDate "2015.07.18"]

1. d4 Nf6 2. c4 e6 3. Nc3 Bb4 4. e3 b6 5. Bd3 Bb7 6. f3 c5 7. Ne2 cxd4 8. exd4
O-O 9. O-O d5 10. cxd5 Nxd5 11. a3 Be7 12. Nxd5 Qxd5 13. Be3 Nc6 14. Qd2 Rfd8
15. Rfd1 Bf6 16. Be4 Qd7 17. Kh1 Na5 18. Qd3 Bxe4 19. fxe4 Rac8 20. Rac1 Rxc1
21. Rxc1 Nc6 22. Rd1 Ne5 23. Qb3 Ng4 24. h3 Nxe3 25. Qxe3 h6 26. Qb3 Qb7 27. Qf3
Qa6 28. Qd3 Qa4 29. Rc1 Bxd4 30. Rc4 Qa6 31. Nxd4 e5 32. Qc3 exd4 33. Rxd4 Rc8
34. Qd2 1/2-1/2

[Event "38th Eastman Open 2015"]
[Site "Ghent BEL"]
[Date "2015.07.18"]
[Round "2.1"]
[White "Ramacker, Quinten"]
[Black "Feller, Sebastien"]
[Result "0-1"]
[BlackTitle "GM"]
[WhiteElo "2049"]
[BlackElo "2622"]
[WhiteFideId "210404"]
[BlackFideId "634654"]
[EventDate "2015.07.18"]

1. e4 e5 2. Nf3 Nc6 3. Bb5 a6 4. Ba4 Nf6 5. O-O Be7 6. Re1 b5 7. Bb3 d6 8. c3
O-O 9. h3 Nb8 10. d4 Nbd7 11. Nbd2 Bb7 12. Bc2 Re8 13. Nf1 Bf8 14. Ng3 g6 15. a4
Bg7 16. dxe5 dxe5 17. Be3 c5 18. Qe2 Bc6 19. Red1 Qc7 20. axb5 Bxb5 21. c4 Bc6
22. Ba4 Nf8 23. Qc2 Bxa4 24. Qxa4 Ne6 25. Qa5 Qb7 26. Bxc5 Nxe4 27. Nxe4 Qxe4
28. Nd2 Qb7 29. b4 Nf4 30. Qb6 Qxg2# 0-1

[Event "38th Eastman Open 2015"]
[Site "Ghent BEL"]
[Date "2015.07.18"]
[Round "2.2"]
[White "Sumets, Andrey"]
[Black "Van de Lisdonk, Lucien"]
[Result "1-0"]
[WhiteTitle "GM"]
[WhiteElo "2598"]
[BlackElo "2041"]
[WhiteFideId "14105500"]
[BlackFideId "1028073"]
[EventDate "2015.07.18"]

1. e4 c5 2. Nf3 Nc6 3. Bb5 g6 4. O-O Bg7 5. c3 Nf6 6. Re1 O-O 7. h3 d6 8. d4
cxd4 9. cxd4 Bd7 10. Nc3 a6 11. Bf1 h6 12. Be3 Rc8 13. Qd2 g5 14. Rad1 Nh7 15.
d5 Ne5 16. Nxe5 dxe5 17. Be2 f5 18. exf5 Bxf5 19. Bg4 Qd7 20. Bxf5 Qxf5 21. Qd3
Qxd3 22. Rxd3 Nf6 23. f3 Ne8 24. Bf2 Nd6 25. Bg3 Nf7 26. Re2 Rc4 27. Ne4 Rd8 28.
Bf2 Nd6 29. b3 Rc1+ 30. Kh2 Rdc8 31. h4 gxh4 32. Bxh4 Kf7 33. Bg3 b5 34. Nf2
R1c2 35. Rdd2 Rxd2 36. Rxd2 Nf5 37. Nd3 Ne3 38. Re2 Nxd5 39. Bxe5 Nf6 40. g4 a5
41. Bb2 Kf8 42. Nf4 Kf7 43. Nd3 Kf8 44. Ne5 Nd5 45. Ng6+ Kf7 46. Nxe7 Re8 47.
Bxg7 Nxe7 48. Bc3 b4 49. Bd2 Rd8 50. Kg3 1-0

[Event "38th Eastman Open 2015"]
[Site "Ghent BEL"]
[Date "2015.07.18"]
[Round "2.3"]
[White "De Vos, Clemens"]
[Black "Michiels, Bart"]
[Result "0-1"]
[BlackTitle "GM"]
[WhiteElo "2041"]
[BlackElo "2533"]
[WhiteFideId "1033158"]
[BlackFideId "202967"]
[EventDate "2015.07.18"]

1. d4 d5 2. c4 c6 3. Nf3 Nf6 4. Nc3 e6 5. Bg5 Nbd7 6. e3 Qa5 7. Nd2 dxc4 8. Bxf6
Nxf6 9. Bxc4 Be7 10. O-O O-O 11. Nf3 Rd8 12. Qe2 c5 13. Rad1 a6 14. Ne5 Qc7 15.
a4 b6 16. f4 Bd6 17. Ba2 Bb7 18. Bb1 g6 19. Qf2 Bf8 20. Kh1 Bg7 21. Qh4 cxd4 22.
exd4 Rd6 23. Ba2 Rad8 24. f5 gxf5 25. Rxf5 exf5 26. Nxf7 Nd5 27. Nxd6 Qxd6 28.
Re1 Kh8 29. Re6 Qf8 30. h3 Rd6 31. Qe1 Rxe6 32. Qxe6 Nf4 33. Qxb6 Bxg2+ 34. Kh2
Bf1 35. d5 Be5 36. Kg1 Bd3 37. Kf2 Nxh3+ 38. Ke3 Bf1 39. d6 Qh6+ 0-1

[Event "38th Eastman Open 2015"]
[Site "Ghent BEL"]
[Date "2015.07.18"]
[Round "2.4"]
[White "Dgebuadze, Alexandre"]
[Black "Ruston, Mark R"]
[Result "1-0"]
[WhiteTitle "GM"]
[WhiteElo "2490"]
[BlackElo "2024"]
[WhiteFideId "203882"]
[BlackFideId "410020"]
[EventDate "2015.07.18"]

1. e4 e6 2. d3 d5 3. Qe2 Be7 4. Nf3 Nf6 5. g3 c5 6. Bg2 Nc6 7. O-O O-O 8. e5 Nd7
9. c4 Nb6 10. b3 a5 11. a4 Nb4 12. Nc3 Bd7 13. Bf4 Bc6 14. Rad1 Qc7 15. h4 Rfd8
16. Nb5 Bxb5 17. cxb5 Rac8 18. Rc1 Qd7 19. Rfd1 Qe8 20. h5 Nd7 21. Nh2 b6 22.
Ng4 Nf8 23. Rd2 Nd7 24. Re1 Nf8 25. Rdd1 Nd7 26. Bh3 c4 27. dxc4 dxc4 28. bxc4
Nc5 29. h6 g6 30. Be3 Nxa4 31. Qf3 Kh8 32. Nf6 Qf8 33. Nd7 Rxd7 34. Rxd7 Rxc4
35. Rd2 1-0

[Event "38th Eastman Open 2015"]
[Site "Ghent BEL"]
[Date "2015.07.18"]
[Round "2.5"]
[White "Bosters, Robin"]
[Black "Pap, Misa"]
[Result "0-1"]
[BlackTitle "GM"]
[WhiteElo "2034"]
[BlackElo "2486"]
[WhiteFideId "1013327"]
[BlackFideId "921610"]
[EventDate "2015.07.18"]

1. d4 Nf6 2. Nf3 e6 3. g3 b5 4. Bg2 Bb7 5. O-O Na6 6. c3 c5 7. Bg5 Be7 8. Nbd2
O-O 9. Re1 d5 10. a3 b4 11. axb4 cxb4 12. c4 dxc4 13. Nxc4 Rc8 14. b3 Nc7 15.
Rxa7 Bxf3 16. Bxf3 Nb5 17. Rxe7 Qxe7 18. e4 h6 19. Be3 Rfd8 20. Qa1 Ra8 21. Qb2
Nc3 22. Ne5 Ra2 23. Qc1 Rc8 24. Kg2 Qf8 25. Nc4 Ncxe4 26. Qb1 Nc3 27. Qd3 Nfd5
28. Bd2 Qd8 29. Ne5 Rb2 30. Bg4 Rc7 31. Nxf7 Rxf7 32. Bxe6 Qf6 33. f4 Qxf4 34.
gxf4 Nxf4+ 35. Kg3 Nxd3 36. Bxc3 bxc3 37. Rf1 Rf2 0-1

[Event "38th Eastman Open 2015"]
[Site "Ghent BEL"]
[Date "2015.07.18"]
[Round "2.6"]
[White "Docx, Stefan"]
[Black "Hagendijk, Klaas"]
[Result "1-0"]
[WhiteTitle "IM"]
[WhiteElo "2417"]
[BlackElo "2020"]
[WhiteFideId "200778"]
[BlackFideId "1034294"]
[EventDate "2015.07.18"]

1. Nf3 Nf6 2. c4 e6 3. Nc3 Bb4 4. g4 Nxg4 5. Rg1 f5 6. h3 Nf6 7. Rxg7 Ne4 8. Qc2
Nxc3 9. dxc3 Be7 10. e4 Bf6 11. Bg5 h6 12. Bxf6 Qxf6 13. Rg3 d6 14. exf5 Nc6 15.
c5 Ne7 16. Nd4 e5 17. Nb5 Bxf5 18. Qa4 Bd7 19. Nxc7+ Kd8 20. Qa5 Nc6 21. Nd5+
Nxa5 22. Nxf6 Rf8 23. Nxd7 Kxd7 24. Rd1 Rf6 25. Rg7+ 1-0

[Event "38th Eastman Open 2015"]
[Site "Ghent BEL"]
[Date "2015.07.18"]
[Round "2.7"]
[White "Verbeeren, Peter"]
[Black "Gavrilov, Alexei1"]
[Result "0-1"]
[BlackTitle "GM"]
[WhiteElo "1994"]
[BlackElo "2411"]
[WhiteFideId "207128"]
[BlackFideId "4104358"]
[EventDate "2015.07.18"]

1. d4 Nf6 2. Nf3 d5 3. c3 c5 4. dxc5 e6 5. b4 a5 6. e3 b6 7. Bb5+ Bd7 8. Bxd7+
Qxd7 9. a4 bxc5 10. b5 c4 11. O-O Qc7 12. Na3 Nbd7 13. Nd4 Bd6 14. f4 O-O 15.
Nac2 Ne4 16. Qg4 Ndf6 17. Qh4 Nxc3 18. g4 Nfe4 19. Rf3 Be7 20. g5 h6 21. Qh5
Bxg5 22. fxg5 Nxg5 23. Rf1 Nce4 24. Ba3 Rfe8 25. Nf3 e5 26. Nxg5 hxg5 27. Rf3 g6
28. Qh6 g4 29. Rff1 Re6 30. Qh4 f5 31. Rad1 Rd8 32. Qh6 Qf7 33. Qh4 g5 34. Qe1
c3 35. Na1 Rh6 36. Qe2 g3 37. Qf3 g4 38. Qxf5 gxh2+ 39. Kg2 h1=Q+ 0-1

[Event "38th Eastman Open 2015"]
[Site "Ghent BEL"]
[Date "2015.07.18"]
[Round "2.8"]
[White "Sarrau, Jelle"]
[Black "De Feijter, Bas"]
[Result "1-0"]
[WhiteTitle "FM"]
[WhiteElo "2359"]
[BlackElo "2015"]
[WhiteFideId "207608"]
[BlackFideId "1042130"]
[EventDate "2015.07.18"]

1. Nf3 d5 2. g3 Nf6 3. Bg2 c6 4. d3 Bg4 5. h3 Bxf3 6. Bxf3 e6 7. c3 Nbd7 8. Bg2
Be7 9. O-O O-O 10. Nd2 Qb6 11. Qc2 Rfe8 12. e4 e5 13. Re1 Rad8 14. Nf3 dxe4 15.
dxe4 Qc7 16. Bf1 a5 17. a4 Bc5 18. Bc4 h6 19. Nh4 Nb6 20. Ba2 Qd7 21. Kg2 Nc8
22. Be3 Bxe3 23. Rxe3 Nd6 24. Rae1 g5 25. Nf3 g4 26. hxg4 Qxg4 27. Rh1 Kg7 28.
Rh4 Qg6 29. Re1 Ng4 30. Bb1 Re6 31. Qe2 f5 32. exf5 Nxf5 33. Bxf5 Qxf5 34. Nd4
exd4 35. Qxe6 Qxf2+ 36. Kh3 h5 37. Qe7+ Kg6 38. Qe4+ Kg5 39. Rxh5+ Kxh5 40.
Qxg4+ Kh6 41. Re6+ Kh7 42. Re7+ 1-0

[Event "38th Eastman Open 2015"]
[Site "Ghent BEL"]
[Date "2015.07.18"]
[Round "2.9"]
[White "Schelvis, Richard"]
[Black "De Groote, Ewoud"]
[Result "1/2-1/2"]
[WhiteElo "2019"]
[BlackElo "2315"]
[WhiteFideId "1039261"]
[BlackFideId "1017870"]
[EventDate "2015.07.18"]

1. d4 Nf6 2. c4 e6 3. Nf3 c5 4. g3 cxd4 5. Nxd4 Bb4+ 6. Nc3 Ne4 7. Qd3 Bxc3+ 8.
bxc3 Nc5 9. Qc2 d6 10. Bg2 a6 11. O-O Bd7 12. Ba3 Qc7 13. Rab1 Ra7 14. Qd2 O-O
15. Rfd1 Re8 16. Nb3 b5 17. Qe3 Bc6 18. Bxc6 Nxc6 19. Nxc5 dxc5 20. Bxc5 Rb7 21.
cxb5 axb5 22. Bb4 1/2-1/2

[Event "38th Eastman Open 2015"]
[Site "Ghent BEL"]
[Date "2015.07.18"]
[Round "2.12"]
[White "Klinova, Masha"]
[Black "Van Kessel, Wessel"]
[Result "1-0"]
[WhiteTitle "IM"]
[WhiteElo "2298"]
[BlackElo "1954"]
[WhiteFideId "2802015"]
[BlackFideId "233404"]
[EventDate "2015.07.18"]

1. e4 Nc6 2. Nf3 e6 3. Nc3 d5 4. Bb5 Nf6 5. e5 Nd7 6. d4 Be7 7. a3 O-O 8. h4 f6
9. exf6 Nxf6 10. Bg5 Bd7 11. Qe2 Ne8 12. Bxe7 Qxe7 13. Nxd5 Qd6 14. Nc3 Kh8 15.
O-O-O Nf6 16. Kb1 Nd5 17. Nxd5 exd5 18. Bxc6 bxc6 19. Ne5 Rab8 20. Qe3 h6 21. h5
Bf5 22. g4 Bh7 23. Rh3 a5 24. f4 a4 25. f5 Kg8 26. Kc1 Rfe8 27. Re1 Rb5 28. Qc3
c5 29. Nd3 Re4 30. dxc5 Rxc5 31. Nxc5 Qf4+ 32. Kb1 1-0

[Event "38th Eastman Open 2015"]
[Site "Ghent BEL"]
[Date "2015.07.18"]
[Round "2.13"]
[White "Van Veelen, Jouke"]
[Black "Cordts, Ingo"]
[Result "0-1"]
[BlackTitle "FM"]
[WhiteElo "1985"]
[BlackElo "2284"]
[WhiteFideId "1021958"]
[BlackFideId "4662687"]
[EventDate "2015.07.18"]

1. Nf3 Nf6 2. c4 e6 3. g3 d5 4. Bg2 dxc4 5. O-O Nbd7 6. Qa4 a6 7. Qxc4 c5 8. b3
b5 9. Qc2 Bb7 10. Bb2 Rc8 11. d3 Be7 12. Nbd2 O-O 13. Rac1 Nd5 14. Rfd1 f5 15.
a3 N5b6 16. Ng5 Bxg5 17. Bxb7 Rb8 18. Bg2 Qe7 19. f4 Bf6 20. e4 Bxb2 21. Qxb2
Rfd8 22. Nf3 Rbc8 23. Re1 Qd6 24. Kh1 Nb8 25. Ne5 Qd4 26. Qc2 N6d7 27. Nf3 Qd6
28. d4 fxe4 29. Qxe4 cxd4 30. Rxc8 Rxc8 31. Nxd4 Re8 32. Nxe6 Nf6 33. Qe5 Qxa3
34. Bd5 Kh8 35. f5 Nbd7 36. Qd4 Rc8 37. Ng5 h6 38. Nf7+ Kh7 39. Be6 Rc1 40. Qd2
Rxe1+ 41. Qxe1 Qe7 42. Qc3 Nc5 43. Qc2 Qb7+ 44. Kg1 Qb6 45. Kg2 Qc6+ 46. Kg1 Qb6
47. Qf2 Qc7 48. Qd2 Nxe6 49. fxe6 Qb6+ 50. Kf1 Qxe6 51. Qd3+ Qe4 52. Qxe4+ Nxe4
53. Ke2 Kg6 54. Ne5+ Kf5 55. Nc6 Ke6 56. Nb8 a5 57. Nc6 a4 58. bxa4 bxa4 59. Kd3
Nf2+ 60. Kc4 Ng4 61. h3 Nf2 62. h4 Kf5 63. Kb4 Ne4 64. Nd4+ Kg4 65. Ne6 g6 66.
Nf4 Kf5 67. Kxa4 Nxg3 68. Nd5 Kg4 69. Ne7 Kh5 70. Kb3 Nf5 71. Nd5 Kxh4 72. Kc4
g5 73. Kd3 h5 74. Ke4 Ng3+ 75. Kf3 g4+ 76. Kf2 Ne4+ 77. Kg2 Kg5 78. Ne3 h4 79.
Nd5 h3+ 80. Kh2 Kh4 81. Ne3 g3+ 82. Kh1 Nf2+ 0-1

[Event "38th Eastman Open 2015"]
[Site "Ghent BEL"]
[Date "2015.07.18"]
[Round "2.14"]
[White "Huhndorf, Arnold"]
[Black "Van De Wynkele, Rudy"]
[Result "1-0"]
[WhiteTitle "FM"]
[WhiteElo "2262"]
[BlackElo "1948"]
[WhiteFideId "4665031"]
[BlackFideId "203823"]
[EventDate "2015.07.18"]

1. d4 g6 2. c4 Bg7 3. e4 c5 4. d5 d6 5. Nc3 Nf6 6. Bd3 O-O 7. h3 Nbd7 8. Nf3 Ne8
9. Bf4 Bxc3+ 10. bxc3 f6 11. Be2 Ng7 12. O-O Qa5 13. Qc2 Nb6 14. Nd2 Na4 15.
Rac1 Bd7 16. Bh2 Nb6 17. f4 Qa6 18. g4 Rae8 19. Bd3 e5 20. dxe6 Bxe6 21. f5 gxf5
22. gxf5 Bd7 23. Bxd6 Ba4 24. Qb1 Rf7 25. Bxc5 Nd7 26. Bd4 Qd6 27. Rf3 Nh5 28.
Kh1 Rg7 29. Rg1 Re7 30. Rg4 Ne5 31. c5 Qc7 32. Bxe5 Qxe5 33. Qb4 Bc6 34. Qd4 Qb8
35. Qd6 Qe8 36. Bc4+ Kh8 37. Be6 Rxg4 38. hxg4 Ng7 39. Bd5 Rd7 40. Qxf6 Rxd5 41.
exd5 Bxd5 42. Kg1 Bxf3 43. Nxf3 Qe3+ 44. Kg2 h5 45. gxh5 Kg8 46. Qg6 Kh8 47. h6
Nxf5 48. Qf6+ Kg8 49. Qxf5 Qxh6 50. Qg5+ 1-0

[Event "38th Eastman Open 2015"]
[Site "Ghent BEL"]
[Date "2015.07.18"]
[Round "2.16"]
[White "Goerens, Jean-Paul"]
[Black "Offringa, Joost"]
[Result "0-1"]
[WhiteElo "1992"]
[BlackElo "2224"]
[WhiteFideId "4000552"]
[BlackFideId "1025880"]
[EventDate "2015.07.18"]

1. e4 e6 2. d4 d5 3. e5 c5 4. c3 Nc6 5. Nf3 Bd7 6. a3 c4 7. Nbd2 Na5 8. b4 cxb3
9. Bb2 g5 10. h3 h5 11. c4 Bg7 12. a4 Nh6 13. cxd5 exd5 14. Nxb3 O-O 15. Nxa5
Qxa5+ 16. Qd2 Qxd2+ 17. Nxd2 f6 18. Be2 fxe5 19. dxe5 g4 20. hxg4 hxg4 21. Bd3
Rae8 22. Kf1 Nf5 23. Rh5 Ng3+ 0-1